Věda a technika v železniční dopravě

Bibliographic Details
Format: Book
Language:Czech
Published: Praha Dům techniky 1990

MARC

LEADER 00000nam a2200000 a 4500
001 vtls001146525
003 SK-MaSNL
005 20260224103931.0
008 210928s1990 CS 0 cze
020 |a 8002006798 
035 |a SNK000089384 
040 |a SNK  |b slo  |c SNK  |e AACR2 
041 0 |a cze 
044 |a [CS] 
245 0 |a Věda a technika v železniční dopravě 
260 |a Praha  |b Dům techniky  |c 1990 
919 |a 80-02-00679-8 
958 |a OND 
999 |c 966921  |d 968851 
952 |t P60, <04>, [BOOK], {604}  |a SNK  |b SNK  |y VYP  |7 0  |p 17A0339519  |o snkSC 78501 D1  |i snkKIP 11130/90  |0 0  |1 0  |4 0  |d 2002-04-11  |l 0  |r 2005-01-01 00:00:00  |w 2026-02-24 
952 |a SNK  |b SNK  |y PREZ  |7 0  |p 17A0991600  |o snkSC 78501  |0 0  |1 0  |4 0  |d 2012-08-09  |l 0  |r 2026-02-24 10:39:31  |w 2026-02-24